| 000 | 01131cab a2200217 4500 | ||
|---|---|---|---|
| 001 | ##L136747 | ||
| 008 | 070221n2007 000 0 eng u | ||
| 035 | _a(Sirsi) u136747 | ||
| 041 | 0 | _aeng | |
| 110 | 2 |
_aMarket and Business Development _95126 |
|
| 245 | 0 | 0 |
_aUK architects market research report _h[electronic resource] |
| 260 | _c2007 | ||
| 490 | 0 |
_aMBD Press Release _vJanuary 2007 |
|
| 520 | _aMarket research from MBD reveals that UK architect's fees in 2006 rose by 9% to a five year high of £4200.9m, with an overall rise of 56% since 2002. During the past five years, the market was boosted by increased government investment and private housing activity. Architect's fees are predicted to increase year on year over the next five years, although the annual growth rate is expected to drop from 9% in 2006 to 2% by 2011. | ||
| 590 | _aKA | ||
| 650 | 2 | 4 | _aMBD UK ARCHITECTS MARKET RESEARCH REPORT |
| 651 | 4 |
_aUnited Kingdom _y |
|
| 690 | _aMANAGEMENT-BUSINESS MANAGEMENT-FEES | ||
| 856 | 4 | 0 |
_uhttps://www.mbdltd.co.uk/Press-Release/Architects.htm _zView the item free of charge at www.mbdltd.co.uk... |
| 942 | _n0 | ||
| 999 |
_c78429 _d78429 |
||